|
|
|
|
| LEADER |
00000naa2a2200000 4500 |
| 001 |
140996 |
| 005 |
20240123104701.0 |
| 035 |
|
|
|a (RuTPU)RU\TPU\book\152772
|
| 090 |
|
|
|a 140996
|
| 100 |
|
|
|a 20080718d2005 k y0rusy50 ca
|
| 101 |
0 |
|
|a rus
|
| 102 |
|
|
|a RU
|
| 200 |
1 |
|
|a "Новая экономика" и будущее России
|f Л. М. Борисова
|
| 320 |
|
|
|a Библиогр.: 4 назв.
|
| 461 |
|
0 |
|0 (RuTPU)RU\TPU\book\107328
|t Энергия молодых - экономике России
|o труды VI Всероссийской научно-практической конференции студентов и молодых ученых, Томск, 19-22 апреля 2005 г.
|o в 2 ч.
|f Томский политехнический университет; Вольное экономическое общество России
|d 2005-
|
| 463 |
|
0 |
|0 (RuTPU)RU\TPU\book\73345
|t Ч. 2
|v С. 38-39
|d 2005
|
| 610 |
1 |
|
|a глобализация
|
| 610 |
1 |
|
|a высокие технологии
|
| 610 |
1 |
|
|a Россия
|
| 610 |
1 |
|
|a рыночная экономика
|
| 610 |
1 |
|
|a экономическое развитие
|
| 610 |
1 |
|
|a Россия
|
| 610 |
1 |
|
|a безопасность
|
| 610 |
1 |
|
|a независимость
|
| 610 |
1 |
|
|a труды учёных ТПУ
|
| 700 |
|
1 |
|a Борисова
|b Л. М.
|c экономист
|c доцент Томского политехнического университета, кандидат экономических наук
|f 1976-
|g Людмила Михайловна
|3 (RuTPU)RU\TPU\pers\25991
|9 11840
|
| 801 |
|
1 |
|a RU
|b 63413507
|c 20080718
|g PSBO
|
| 801 |
|
2 |
|a RU
|b 63413507
|c 20170425
|g RCR
|
| 942 |
|
|
|c BK
|